[Event "Yerretnom I (a new begin)"]
[Site "SchemingMind.com"]
[Date "2008.08.21"]
[Round "-"]
[White "capablanca"]
[Black "Rotceh"]
[Result "0-1"]
[WhiteCountry "GER"]
[BlackCountry "MEX"]
[WhiteElo "1652"]
[WhiteRD "52"]
[BlackElo "1591"]
[BlackRD "71"]
[GameID "168039"]

1. e4 e5 2. Nf3 Nf6 3. Nxe5 d6 4. Nf3 Nxe4 5. Qe2 Qe7 6. d3 Nc5 7. Bg5 Qxe2+ 8. Bxe2 Nc6 9. O-O h6 10. Be3 d5
11. d4 Ne4 12. Nbd2 f5 13. Bf4 Kd8 14. Nxe4 dxe4 15. Ne5 Nxd4 16. Rad1 Bd6 17. Nf7+ Ke7 18. Nxd6 cxd6 19. Rxd4 d5 20. Rxd5 Be6
21. Rc5 Rac8 22. Be3 b6 23. Rxc8 Rxc8 24. Rd1 Rxc2 25. Rd2 Rc1+ 26. Bf1 Bxa2 27. Rd7+ Kxd7 28. Bxc1 Bb3 29. Bb5+ Ke6 30. Kf1 Kd5
31. Be3 Bc4+ 32. Bxc4+ Kxc4 33. Ke2 Kb3 34. Bd4 g6 35. Ke3 Kc4 36. Kf4 Kxd4 37. g4 fxg4 38. Kxg4 a5 39. Kf4 a4
0-1

[Event "Yerretnom I (a new begin)"]
[Site "SchemingMind.com"]
[Date "2008.08.21"]
[Round "-"]
[White "Rotceh"]
[Black "capablanca"]
[Result "1-0"]
[WhiteCountry "MEX"]
[BlackCountry "GER"]
[WhiteElo "1598"]
[WhiteRD "67"]
[BlackElo "1664"]
[BlackRD "52"]
[GameID "168040"]

1. e4 e5 2. Nf3 Nc6 3. d4 exd4 4. Nxd4 Bc5 5. Nb3 Bb6 6. Nc3 d6 7. Bc4 Nf6 8. Bg5 h6 9. Bh4 g5 10. Bg3 Be6
11. Bxe6 fxe6 12. Na4 Ba5+ 13. Nxa5 Nxa5 14. e5 Ne4 15. exd6 Nxd6 16. O-O Qe7 17. Bxd6 Qxd6 18. Qh5+ Kf8 19. Qf3+ Kg7 20. Qc3+
1-0

[Event "Yerretnom I (a new begin)"]
[Site "SchemingMind.com"]
[Date "2008.08.22"]
[Round "-"]
[White "Zugzwang"]
[Black "capablanca"]
[Result "0-1"]
[WhiteCountry "CAN"]
[BlackCountry "GER"]
[WhiteElo "1494"]
[WhiteRD "57"]
[BlackElo "1715"]
[BlackRD "53"]
[GameID "168098"]

1. d4 d5 2. Nf3 e6 3. e3 c5 4. c3 cxd4 5. cxd4 Nf6 6. Bd3 Bb4+ 7. Nc3 Ne4 8. Bxe4 dxe4 9. Ne5 O-O 10. O-O Nc6
11. Nxe4 Nxe5 12. dxe5 b6 13. Qxd8 Rxd8 14. f4 Bb7 15. Ng5 Bc5 16. a4 Rd3 17. Ra3 Bxa3 18. bxa3 Rad8 19. Bb2 Rd2 20. Bc3 Rxg2+
0-1

[Event "Yerretnom I (a new begin)"]
[Site "SchemingMind.com"]
[Date "2008.08.21"]
[Round "-"]
[White "Zugzwang"]
[Black "Rotceh"]
[Result "0-1"]
[WhiteCountry "CAN"]
[BlackCountry "MEX"]
[WhiteElo "1487"]
[WhiteRD "60"]
[BlackElo "1542"]
[BlackRD "70"]
[GameID "168099"]

1. d4 Nf6 2. Nf3 c5 3. e3 Nc6 4. Bd3 cxd4 5. exd4 d5 6. O-O Bg4 7. c4 dxc4 8. Bxc4 Nxd4 9. Qa4+ Bd7 10. Bxf7+ Kxf7
11. Qxd4 Bb5 12. Qxd8 Rxd8 13. Re1 h6 14. Bd2 e6 15. Nc3 Bd7 16. Ne5+ Ke8 17. Re2 Bc8 18. Rae1 Bb4 19. Ng6 Rg8 20. a3 Bxc3
21. Bxc3 Nd5 22. f4 Nxc3 23. bxc3 Kf7 24. Ne5+ Kf6 25. g4 g5 26. Rf2 Ke7 27. f5 exf5 28. gxf5 Kf8 29. f6 Be6 30. f7 Rg7
31. Rf6 Bxf7 32. Ref1 Ke7 33. Nxf7 Rf8 34. Rxh6 Rfxf7 35. Rxf7+ Kxf7 36. Kg2 Rg6 37. Rh7+ Rg7 38. Rxg7+ Kxg7 39. Kg3 Kf6 40. Kg4 b5
41. h3 a6 42. Kg3 Kf5 43. Kf3 Kf6 44. Kg4 Kg6
0-1

[Event "Yerretnom I (a new begin)"]
[Site "SchemingMind.com"]
[Date "2008.08.22"]
[Round "-"]
[White "capablanca"]
[Black "Zugzwang"]
[Result "1-0"]
[WhiteCountry "GER"]
[BlackCountry "CAN"]
[WhiteElo "1664"]
[WhiteRD "52"]
[BlackElo "1491"]
[BlackRD "59"]
[GameID "168100"]

1. e4 e5 2. Nf3 Nf6 3. Nxe5 d6 4. Nf3 Nxe4 5. d4 d5 6. Bd3 Bd6 7. O-O O-O 8. Re1 Re8 9. Nbd2 Nxf2 10. Kxf2 Bg4
11. Rxe8+ Qxe8 12. h3 Bh5 13. Qe1 Qd7 14. Nf1 Nc6 15. c3 Re8 16. Be3 Bxf3 17. Kxf3 Qe6 18. Kf2 Qf6+ 19. Kg1 Ne7 20. Nh2 Nf5
21. Ng4 Qg6 22. Qb1 Rxe3 23. Nxe3 Qg3 24. Nxf5 Qh2+ 25. Kf2 g6 26. Nxd6 Qxd6 27. Qe1 Qf4+ 28. Kg1 f5 29. Qe2 Kg7 30. Rf1 Qg5
31. Qe5+ Kh6 32. Qf4 Qxf4 33. Rxf4
1-0

[Event "Yerretnom I (a new begin)"]
[Site "SchemingMind.com"]
[Date "2008.08.21"]
[Round "-"]
[White "Rotceh"]
[Black "Zugzwang"]
[Result "0-1"]
[WhiteCountry "MEX"]
[BlackCountry "CAN"]
[WhiteElo "1569"]
[WhiteRD "66"]
[BlackElo "1494"]
[BlackRD "57"]
[GameID "168101"]

1. e4 e5 2. Nf3 Nf6 3. Nxe5 d6 4. Nc4 Nxe4 5. Nc3 Nxc3 6. dxc3 d5 7. Ne3 c6 8. Be2 Bd6 9. c4 O-O 10. cxd5 cxd5
11. Qxd5 Re8 12. Bc4 Re6 13. O-O Qh4 14. Nf5 Qxh2#
0-1

[Event "Yerretnom I (a new begin)"]
[Site "SchemingMind.com"]
[Date "2008.08.22"]
[Round "-"]
[White "echecs"]
[Black "capablanca"]
[Result "1-0"]
[WhiteCountry "ENG"]
[BlackCountry "GER"]
[WhiteElo "1804"]
[WhiteRD "59"]
[BlackElo "1664"]
[BlackRD "52"]
[GameID "168122"]

1. e4 e5 2. Nf3 Nc6 3. Bc4 Bc5 4. c3 Nf6 5. d3 h6 6. O-O d6 7. b4 Bb6 8. a4 a6 9. Nbd2 Be6 10. Qb3 Bxc4
11. Nxc4 Ba7 12. Ne3 Ne7 13. Re1 O-O 14. h3 Ng6 15. g3 Qd7 16. Kg2 c6 17. Nf5 d5 18. N5h4 Kh7 19. Nxg6 fxg6 20. Nxe5 Qd6
21. exd5 Qxd5+ 22. Qxd5 Nxd5 23. f4 Nxc3 24. Bd2 Nd5 25. Rab1 Rad8 26. b5 axb5 27. axb5 c5 28. Ba5 b6 29. Bd2 Rfe8 30. Nc6 Rxe1
31. Rxe1 Rd7 32. Kf3 Nf6 33. Re3 Kg8 34. Ke2 Nd5 35. Re8+ Kf7 36. Rd8 Rxd8 37. Nxd8+
1-0

[Event "Yerretnom I (a new begin)"]
[Site "SchemingMind.com"]
[Date "2008.08.25"]
[Round "-"]
[White "echecs"]
[Black "Zugzwang"]
[Result "1-0"]
[WhiteCountry "ENG"]
[BlackCountry "CAN"]
[WhiteElo "1827"]
[WhiteRD "58"]
[BlackElo "1469"]
[BlackRD "62"]
[GameID "168123"]

1. e4 e5 2. Nf3 Nf6 3. Nxe5 d6 4. Nc4 Nxe4 5. d3 Nf6 6. Bg5 Qe7+ 7. Be2 Nc6 8. O-O Be6 9. Re1 O-O-O 10. Bf3 d5
11. Nca3 h6 12. Bf4 g5 13. Bg3 g4 14. Be2 h5 15. Nb5 Rd7 16. a4 h4 17. Bf4 Nh5 18. Bxc7 Rxc7 19. Bxg4 Bxg4 20. Qxg4+ Qd7
21. Qxh4 Be7 22. Rxe7 Qxe7 23. Qxe7 Rxe7 24. N1c3 Rhe8 25. Nd6+ Kd7 26. Nxe8 Kxe8 27. Nxd5 Re2 28. Ne3 Nd4 29. Rc1 a5 30. Kf1 Rd2
31. g3 Nf3 32. h4 Kd7 33. Nc4 Nh2+ 34. Kg2 Re2 35. Kxh2 Rxf2+ 36. Kg1 Rf5 37. g4 Ng3 38. gxf5 Ne2+ 39. Kf2 Nxc1 40. Nxa5
1-0

[Event "Yerretnom I (a new begin)"]
[Site "SchemingMind.com"]
[Date "2008.08.25"]
[Round "-"]
[White "echecs"]
[Black "Rotceh"]
[Result "1-0"]
[WhiteCountry "ENG"]
[BlackCountry "MEX"]
[WhiteElo "1827"]
[WhiteRD "58"]
[BlackElo "1591"]
[BlackRD "71"]
[GameID "168124"]

1. e4 e5 2. Nf3 Nf6 3. Nxe5 d6 4. Nc4 Nxe4 5. d3 Nf6 6. Bg5 Be7 7. Be2 Be6 8. Nbd2 h6 9. Bh4 O-O 10. Na5 Qc8
11. Bf3 c6 12. O-O d5 13. Re1 Qc7 14. Nab3 Nbd7 15. Nd4 Ne5 16. Nxe6 fxe6 17. Bg3 Bd6 18. Be2 Ng6 19. Bxd6 Qxd6 20. Nf3 Ng4
21. g3 e5 22. h3 Nf6 23. Kg2 e4 24. dxe4 Nxe4 25. c4 Rad8 26. Bd3 Nf6 27. Bxg6
1-0

[Event "Yerretnom I (a new begin)"]
[Site "SchemingMind.com"]
[Date "2008.08.24"]
[Round "-"]
[White "capablanca"]
[Black "echecs"]
[Result "0-1"]
[WhiteCountry "GER"]
[BlackCountry "ENG"]
[WhiteElo "1664"]
[WhiteRD "52"]
[BlackElo "1804"]
[BlackRD "59"]
[GameID "168125"]

1. e4 Nf6 2. Nc3 d5 3. exd5 Nxd5 4. Nf3 Bg4 5. Nxd5 Qxd5 6. Be2 Nc6 7. b3 Nd4 8. Nxd4 Qxd4 9. Rb1 Bf5 10. Bb2 Qe4
11. O-O Qxc2 12. Qxc2 Bxc2 13. Rbc1 Be4 14. Rxc7 Bc6 15. Be5 f6 16. Bc3 a5 17. a3 Kd8 18. Rxc6 bxc6 19. Bf3 Kc7 20. Rc1 Ra6
21. Bd4 e5 22. Bb2 Bd6 23. Rc4 Rb8 24. Bd1 h6 25. a4 Rab6 26. Bc3 Ra8 27. Kf1 Bb4 28. Rg4 Rg8 29. Ke2 c5 30. Kd3 g5
31. h4 Rd8+ 32. Kc2 Rbd6 33. Bf3 Bxc3 34. Kxc3 Rxd2 35. Be4 Rxf2 36. Rg3 Rd4
0-1

[Event "Yerretnom I (a new begin)"]
[Site "SchemingMind.com"]
[Date "2008.08.24"]
[Round "-"]
[White "Zugzwang"]
[Black "echecs"]
[Result "1-0"]
[WhiteCountry "CAN"]
[BlackCountry "ENG"]
[WhiteElo "1491"]
[WhiteRD "59"]
[BlackElo "1804"]
[BlackRD "59"]
[GameID "168126"]

1. d4 e6 2. e4 Nf6 3. e5 Ne4 4. Bd3 d5 5. Nf3 f6 6. Bxe4 dxe4 7. Nfd2 Qxd4 8. O-O Qxe5 9. Nc4 Qd5 10. b3 Bc5
11. Nc3 Qxd1 12. Rxd1 f5 13. Bg5 h6 14. Rd8+ Kf7 15. Ne5#
1-0

[Event "Yerretnom I (a new begin)"]
[Site "SchemingMind.com"]
[Date "2008.08.24"]
[Round "-"]
[White "Rotceh"]
[Black "echecs"]
[Result "0-1"]
[WhiteCountry "MEX"]
[BlackCountry "ENG"]
[WhiteElo "1542"]
[WhiteRD "70"]
[BlackElo "1773"]
[BlackRD "58"]
[GameID "168127"]

1. e4 Nf6 2. e5 Nd5 3. d4 d6 4. Nf3 g6 5. Bc4 Nb6 6. Bb3 Bg7 7. O-O O-O 8. Bf4 e6 9. c3 dxe5 10. Bxe5 Nc6
11. Bxg7 Kxg7 12. Qe2 a5 13. Nbd2 Ne7 14. Qe5+ Kg8 15. Qg5 a4 16. Bc2 Nbd5 17. a3 b5 18. Ne4 Nf5 19. Ng3 Qxg5 20. Nxg5 Bb7
21. Nxf5 exf5 22. Rfe1 h6 23. Nf3 Nf4 24. Re3 Rfe8 25. Rae1 Rxe3 26. Rxe3 Kg7 27. g3 Nd5 28. Re1 Nxc3 29. bxc3 Bxf3 30. Re7 c6
31. Re3 Bd5 32. f3 h5
0-1

[Event "Yerretnom I (a new begin)"]
[Site "SchemingMind.com"]
[Date "2008.08.22"]
[Round "-"]
[White "pederao"]
[Black "capablanca"]
[Result "1-0"]
[WhiteCountry "USA"]
[BlackCountry "GER"]
[WhiteElo "1913"]
[WhiteRD "95"]
[BlackElo "1664"]
[BlackRD "52"]
[GameID "168129"]

1. e4 e5 2. Nf3 Nc6 3. Bb5 a6 4. Ba4 Nf6 5. O-O b5 6. Bb3 Bc5 7. Nxe5 Nxe5 8. d4 Bxd4 9. Qxd4 Nc6 10. Qc5 Bb7
11. Nc3 d6 12. Qg5 O-O 13. Qh4 Ne5 14. f4 Ng6 15. Qe1 Re8 16. f5 Ne5 17. Bg5 h6 18. Bh4 c5 19. Bd5 Rb8 20. Bxb7 Rxb7
21. Nd5 Ned7 22. Qe3 Nxd5 23. exd5 Rxe3 24. Bxd8 Rb8 25. Bh4 Re2 26. Rac1 Nb6 27. Bg3 Rd8 28. Rfd1 Nc4 29. Re1 Rde8 30. Kf1 Rxe1+
31. Rxe1 Rxe1+ 32. Kxe1 Ne3 33. Bxd6 c4 34. Ke2 Nxd5 35. Kf3 g6 36. Ke4 Nf6+ 37. Ke5 Ng4+ 38. Kd4 gxf5 39. h3 Nf2 40. Bf4 Kg7
41. Kc5 Ne4+ 42. Kb6 h5 43. Kxa6 b4 44. Kb5 c3 45. b3 Nf6 46. Be5 Kg6 47. Bxf6 Kxf6 48. Kxb4
1-0

[Event "Yerretnom I (a new begin)"]
[Site "SchemingMind.com"]
[Date "2008.08.21"]
[Round "-"]
[White "pederao"]
[Black "Zugzwang"]
[Result "1-0"]
[WhiteCountry "USA"]
[BlackCountry "CAN"]
[WhiteElo "1913"]
[WhiteRD "95"]
[BlackElo "1491"]
[BlackRD "59"]
[GameID "168130"]

1. e4 e5 2. f4 exf4 3. Nf3 g5 4. h4 g4 5. Ne5 d6 6. Nxg4 Be6 7. d4 h5 8. Nf2 Qe7 9. Bxf4 Nd7 10. Be2 O-O-O
11. d5 Bg4 12. Bxg4 hxg4 13. Qxg4 Nf6 14. Qe2 Rg8 15. Bg5 Qe5 16. Nc3 Qg3 17. O-O-O Re8 18. Qf3 Qxf3 19. gxf3 Be7 20. Nd3 Nh7
21. Bxe7 Rxe7 22. h5 Rg3 23. Rdf1 Ng5 24. Rhg1 Rxg1 25. Rxg1 f6 26. f4 Nh7 27. h6 b6 28. Nb4 Kb7 29. Rg7
1-0

[Event "Yerretnom I (a new begin)"]
[Site "SchemingMind.com"]
[Date "2008.08.21"]
[Round "-"]
[White "pederao"]
[Black "Rotceh"]
[Result "1-0"]
[WhiteCountry "USA"]
[BlackCountry "MEX"]
[WhiteElo "1913"]
[WhiteRD "95"]
[BlackElo "1598"]
[BlackRD "67"]
[GameID "168131"]

1. e4 e5 2. f4 Bc5 3. Nf3 d6 4. c3 Nf6 5. d4 exd4 6. cxd4 Bb6 7. Nc3 Bg4 8. e5 dxe5 9. fxe5 Nd5 10. Bc4 Bxf3
11. Qxf3 c6 12. Nxd5 cxd5 13. Bxd5 Qh4+ 14. g3 Ba5+ 15. Ke2 Qxd4 16. Qxf7+
1-0

[Event "Yerretnom I (a new begin)"]
[Site "SchemingMind.com"]
[Date "2008.08.24"]
[Round "-"]
[White "pederao"]
[Black "echecs"]
[Result "1-0"]
[WhiteCountry "USA"]
[BlackCountry "ENG"]
[WhiteElo "1997"]
[WhiteRD "92"]
[BlackElo "1773"]
[BlackRD "58"]
[GameID "168132"]

1. d4 e6 2. e4 Nf6 3. Nc3 d5 4. e5 Nfd7 5. Nf3 c5 6. Be3 cxd4 7. Bxd4 Nc6 8. Be3 Ndxe5 9. Nxe5 Nxe5 10. Bf4 Nc6
11. Nb5 e5 12. Qe2 Bd6 13. O-O-O Bb8 14. Nc3 Be6 15. Bg3 O-O 16. Qb5 d4 17. Qxb7 Bd6 18. Qxc6 Rc8 19. Qa6 dxc3 20. Rxd6 Qg5+
21. Kb1 cxb2 22. Bd3 Rb8 23. Re1 Kh8 24. Bxe5 Rfe8 25. f4 Qxg2 26. Qa5 Qf2 27. Rf1 Qg2 28. Rxe6 fxe6 29. Bxb8 Rxb8 30. Qh5 h6
31. f5 Rf8 32. f6 Kg8 33. f7+
1-0

[Event "Yerretnom I (a new begin)"]
[Site "SchemingMind.com"]
[Date "2008.08.22"]
[Round "-"]
[White "capablanca"]
[Black "pederao"]
[Result "0-1"]
[WhiteCountry "GER"]
[BlackCountry "USA"]
[WhiteElo "1664"]
[WhiteRD "52"]
[BlackElo "1913"]
[BlackRD "95"]
[GameID "168133"]

1. e4 c5 2. Nf3 e6 3. d4 cxd4 4. Nxd4 Nc6 5. Be3 Nf6 6. f3 Qb6 7. b3 Bc5 8. Nc3 Nxd4 9. Na4 Qa5+ 10. c3 Nxb3
11. axb3 Bxe3 12. Qd3 Bf4 13. b4 Qe5 14. Be2 Bxh2 15. Nb6 Rb8 16. Rxa7 Qg3+ 17. Kf1 Nh5 18. Nxc8 Rxc8 19. Rxb7 O-O 20. Qe3 Ra8
21. Ra7 Nf4 22. Qf2 Rxa7 23. Qxg3 Bxg3
0-1

[Event "Yerretnom I (a new begin)"]
[Site "SchemingMind.com"]
[Date "2008.08.21"]
[Round "-"]
[White "Zugzwang"]
[Black "pederao"]
[Result "0-1"]
[WhiteCountry "CAN"]
[BlackCountry "USA"]
[WhiteElo "1491"]
[WhiteRD "59"]
[BlackElo "1913"]
[BlackRD "95"]
[GameID "168134"]

1. d4 Nf6 2. Nf3 g6 3. e3 Bg7 4. Be2 O-O 5. b3 d5 6. Bb2 Re8 7. c4 c5 8. O-O Ne4 9. Nc3 Nxc3 10. Bxc3 Nc6
11. Rc1 cxd4 12. exd4 e6 13. Qd2 Ne7 14. Ng5 Bh6 15. f4 Nf5 16. Rf3 f6 17. Nh3 e5 18. dxe5 d4 19. Bb4 fxe5 20. Rd3 e4
21. Rg3 Nxg3 22. hxg3 d3 23. Bf1 Bf5 24. Rd1 Qd4+ 25. Kh2 Bg7 26. Rc1 e3
0-1

[Event "Yerretnom I (a new begin)"]
[Site "SchemingMind.com"]
[Date "2008.08.21"]
[Round "-"]
[White "Rotceh"]
[Black "pederao"]
[Result "0-1"]
[WhiteCountry "MEX"]
[BlackCountry "USA"]
[WhiteElo "1598"]
[WhiteRD "67"]
[BlackElo "1913"]
[BlackRD "95"]
[GameID "168135"]

1. e4 c5 2. Nf3 g6 3. c3 d5 4. exd5 Qxd5 5. d4 Bg7 6. Be3 Nc6 7. Bb5 Nf6 8. O-O c4 9. Qa4 O-O 10. Qxc4 Qd6
11. Bxc6 bxc6 12. Nbd2 a5 13. Ne5 Ba6 14. Qxc6 Bxf1 15. Kxf1 Ng4 16. Qxd6 Nxe3+ 17. fxe3 exd6 18. Nec4 Ra6 19. Ne4 d5 20. Nc5 Rf6+
21. Ke2 dxc4 22. Ne4 Rb6 23. b3 cxb3 24. axb3 Rxb3 25. Rxa5 Re8 26. Kf3 f5
0-1

[Event "Yerretnom I (a new begin)"]
[Site "SchemingMind.com"]
[Date "2008.08.24"]
[Round "-"]
[White "echecs"]
[Black "pederao"]
[Result "0-1"]
[WhiteCountry "ENG"]
[BlackCountry "USA"]
[WhiteElo "1827"]
[WhiteRD "58"]
[BlackElo "1951"]
[BlackRD "94"]
[GameID "168136"]

1. e4 c5 2. c3 Nc6 3. d4 cxd4 4. cxd4 d6 5. Nf3 Nf6 6. Nc3 g6 7. Bd3 Bg7 8. d5 Ne5 9. Nxe5 dxe5 10. O-O O-O
11. b3 a6 12. Bb2 Qd6 13. Qc2 Bd7 14. Qe2 Nh5 15. g3 Bh3 16. Rfe1 f5 17. exf5 Bxf5 18. Bxf5 Rxf5 19. g4 Nf4 20. Qe4 Nh3+
21. Kg2 Rf4 22. Qb1 Nxf2 23. Ne4 Qxd5
0-1

[Event "Yerretnom I (a new begin)"]
[Site "SchemingMind.com"]
[Date "2008.08.22"]
[Round "-"]
[White "jtrochez1"]
[Black "capablanca"]
[Result "0-1"]
[WhiteCountry "HON"]
[BlackCountry "GER"]
[WhiteElo "1623"]
[WhiteRD "58"]
[BlackElo "1652"]
[BlackRD "52"]
[GameID "168173"]

1. e4 e5 2. Nf3 Nc6 3. Bc4 Bc5 4. Nc3 Nf6 5. d3 d6 6. a3 h6 7. Nd5 Na5 8. Ba2 Nc6 9. c3 Nxd5 10. exd5 Ne7
11. b4 Bb6 12. c4 a6 13. h3 Bf5 14. Bb1 Ng6 15. O-O O-O 16. d4 exd4 17. Bxf5 Ne7 18. Bc2 Re8 19. Nxd4 c5 20. Nb3 cxb4
21. axb4 Rc8 22. Qd3 Ng6 23. Bb2 Qh4 24. Qc3 Ne5 25. Kh1 Bxf2 26. Nd2 f6 27. Bd1 b5 28. Be2 bxc4 29. Nf3 Nxf3 30. Qxf3 Bd4
31. Bxd4 Qxd4 32. Rxa6 c3 33. Raa1 c2 34. b5 Rb8 35. Bd3 Re3 36. Bh7+ Kxh7 37. Qf5+ Kh8 38. Qxc2 Qxd5 39. Rfd1 Rxh3+ 40. Kg1 Qg5
41. Qf2 Rb3 42. Rxd6 R3xb5 43. Rad1 Rf5 44. Rd8+ Rxd8 45. Rxd8+ Kh7 46. Qc2 Qe3+ 47. Kh1 Qf2 48. Rd2 Qf1+ 49. Kh2 h5 50. Rd1 Qf4+
51. Kg1 Kh6 52. Qe2 Re5 53. Qc2 Qe3+ 54. Kh1 Re4 55. g3 Qf3+ 56. Kg1 Qxg3+ 57. Qg2 Qe3+
0-1

[Event "Yerretnom I (a new begin)"]
[Site "SchemingMind.com"]
[Date "2008.08.22"]
[Round "-"]
[White "jtrochez1"]
[Black "Zugzwang"]
[Result "1-0"]
[WhiteCountry "HON"]
[BlackCountry "CAN"]
[WhiteElo "1538"]
[WhiteRD "61"]
[BlackElo "1491"]
[BlackRD "59"]
[GameID "168174"]

1. e4 e5 2. Nf3 Nf6 3. Nc3 Bb4 4. d3 d5 5. Bd2 O-O 6. Nxe5 Re8 7. Nf3 dxe4 8. dxe4 Bxc3 9. bxc3 Rxe4+ 10. Be3 Qxd1+
11. Rxd1 Nc6 12. Nd4 Bf5 13. Bd3 Re5 14. Nxf5 Ng4 15. O-O Rae8 16. Rfe1 Nxe3 17. Nxe3 a6 18. Kf1 b5 19. Nd5 Rxe1+ 20. Rxe1 Rxe1+
21. Kxe1 h6 22. Nxc7 Nb8 23. Ke2 Kf8 24. Ke3 Ke7 25. Kd4 Kd7 26. Nxb5 axb5 27. Bxb5+ Kd6 28. c4 f5 29. c5+ Kc7 30. a4 g5
31. Ke5 f4 32. f3 Nc6+ 33. Bxc6 Kxc6 34. Kd4 h5 35. c4 g4 36. Ke4 Kxc5 37. a5 Kc6 38. Kxf4 Kb7 39. fxg4 hxg4 40. Kxg4 Ka6
41. h4
1-0

[Event "Yerretnom I (a new begin)"]
[Site "SchemingMind.com"]
[Date "2008.08.22"]
[Round "-"]
[White "jtrochez1"]
[Black "Rotceh"]
[Result "1-0"]
[WhiteCountry "HON"]
[BlackCountry "MEX"]
[WhiteElo "1571"]
[WhiteRD "54"]
[BlackElo "1542"]
[BlackRD "70"]
[GameID "168175"]

1. e4 e5 2. Nf3 Nf6 3. Nc3 Nc6 4. Bc4 Nxe4 5. Qe2 Nxc3 6. bxc3 d6 7. d4 Bg4 8. O-O Qf6 9. Qe4 Bxf3 10. Qxf3 Qxf3
11. gxf3 exd4 12. cxd4 Nxd4 13. Bb3 Nxf3+ 14. Kh1 f5 15. Bb2 Kd7 16. Rad1 Re8 17. Kg2 Nh4+ 18. Kh1 h6 19. Rfe1 Nf3 20. Rxe8 Kxe8
21. Bd5 Ne5 22. Bxe5 dxe5 23. Bxb7 Bd6 24. Bc6+ Ke7 25. a4 Rb8 26. Bb5 Rb6 27. c3 c6 28. Bf1 Rb2 29. Kg2 Ra2 30. Re1 Rxa4
31. Rb1 Rg4+ 32. Kh1 Bc5 33. Rb2 Bb6 34. Bg2 e4 35. h3 Rg6 36. Rb1 Bxf2 37. Rb2 e3 38. Re2 c5 39. c4 a5 40. Ra2 Ra6
41. Bf1 g5 42. Kg2 Ke6 43. Be2 Ke5 44. Bf3 Kf4 45. Ra3 g4 46. hxg4 fxg4 47. Be2
1-0

[Event "Yerretnom I (a new begin)"]
[Site "SchemingMind.com"]
[Date "2008.08.24"]
[Round "-"]
[White "jtrochez1"]
[Black "echecs"]
[Result "1-0"]
[WhiteCountry "HON"]
[BlackCountry "ENG"]
[WhiteElo "1538"]
[WhiteRD "61"]
[BlackElo "1804"]
[BlackRD "59"]
[GameID "168176"]

1. e4 Nf6 2. Nc3 d5 3. exd5 Nxd5 4. d3 e5 5. Bd2 Nc6 6. Nf3 Bg4 7. a3 Nd4 8. Be2 Bxf3 9. Bxf3 c6 10. O-O Nf6
11. Ne4 Be7 12. b4 O-O 13. c3 Nf5 14. Nxf6+ Bxf6 15. Rb1 g6 16. Be4 Nd6 17. Qe2 a5 18. bxa5 Qxa5 19. c4 Qxa3 20. Bb4 Qa6
21. Bxd6 Rfe8 22. g3 Rad8 23. c5 Bg7 24. Ra1 Ra8 25. Rxa6 Rxa6 26. Qb2 Ra7 27. Ra1 Rxa1+ 28. Qxa1 f5 29. Bg2 e4 30. Qe1 Kf7
31. dxe4 Bd4 32. Kh1 Kg7 33. e5 Re6 34. f4 Kh6 35. Qb4
1-0

[Event "Yerretnom I (a new begin)"]
[Site "SchemingMind.com"]
[Date "2008.08.22"]
[Round "-"]
[White "jtrochez1"]
[Black "pederao"]
[Result "0-1"]
[WhiteCountry "HON"]
[BlackCountry "USA"]
[WhiteElo "1623"]
[WhiteRD "58"]
[BlackElo "1951"]
[BlackRD "94"]
[GameID "168177"]

1. e4 e5 2. Nf3 Nc6 3. Bc4 Nf6 4. Nc3 Nxe4 5. d4 Bb4 6. Bd2 Nxd2 7. Qxd2 exd4 8. Qe2+ Qe7 9. Qxe7+ Bxe7 10. Nd5 Bd6
11. a3 O-O 12. O-O-O Na5 13. Bd3 b6 14. Nxd4 Bb7 15. Ne3 Bf4 16. Kb1 Rae8 17. Rde1 c5 18. Nf3 Bxe3 19. fxe3 h6 20. Rhg1 c4
21. Bf1 d5 22. Nd4 a6 23. g4 Re4 24. h3 g6 25. Bg2 Re7 26. Re2 Rfe8 27. Rge1 c3 28. b3 Nc6 29. Nxc6 Bxc6 30. Bf3 Bb5
31. Rf2 d4 32. e4 d3 33. a4 d2 34. Rd1 Bc6 35. Rdxd2 cxd2 36. Rxd2 Bxe4 37. Bxe4 Rxe4 38. Rd6 R8e6 39. Rd3 Re3 40. Rxe3 Rxe3
41. h4 f5 42. gxf5 gxf5 43. Kc1 f4 44. Kd2 Re6
0-1

[Event "Yerretnom I (a new begin)"]
[Site "SchemingMind.com"]
[Date "2008.08.22"]
[Round "-"]
[White "capablanca"]
[Black "jtrochez1"]
[Result "1/2-1/2"]
[WhiteCountry "GER"]
[BlackCountry "HON"]
[WhiteElo "1664"]
[WhiteRD "52"]
[BlackElo "1538"]
[BlackRD "61"]
[GameID "168178"]

1. e4 e5 2. Nf3 d6 3. d4 exd4 4. Nxd4 Nf6 5. Nc3 a6 6. Be3 g6 7. Bd3 Bg7 8. O-O O-O 9. Qd2 Ng4 10. h3 Nxe3
11. Qxe3 Bd7 12. Nd5 Nc6 13. Nxc6 Bxc6 14. Rab1 Re8 15. Qd2 Bxd5 16. exd5 Qd7 17. c3 Re7 18. Rfe1 Rae8 19. Rxe7 Rxe7 20. Re1 Rxe1+
21. Qxe1 Kf8 22. Qe2 Qe7 23. Qxe7+ Kxe7 24. Kf1 f5 25. f4=
1/2-1/2

[Event "Yerretnom I (a new begin)"]
[Site "SchemingMind.com"]
[Date "2008.08.22"]
[Round "-"]
[White "Zugzwang"]
[Black "jtrochez1"]
[Result "1-0"]
[WhiteCountry "CAN"]
[BlackCountry "HON"]
[WhiteElo "1469"]
[WhiteRD "62"]
[BlackElo "1623"]
[BlackRD "58"]
[GameID "168179"]

1. d4 d5 2. Nf3 Nc6 3. e3 Nf6 4. Bd3 Bg4 5. c4 e6 6. Qb3 b6 7. Qa4 Bxf3 8. Qxc6+ Nd7 9. gxf3 g6 10. Nc3 Bg7
11. cxd5 O-O 12. dxe6 fxe6 13. Qxe6+ Kh8 14. Qh3 c6 15. Ne4 Nf6 16. Ng5 Nh5 17. Rg1 Qc8 18. Rg4 Rf6 19. Rh4 Qxh3 20. Rxh3 b5
21. e4 Bh6 22. Nf7+ Rxf7 23. Bxh6 Rd8 24. O-O-O Rxd4 25. e5 Nf4 26. Bxf4 Rfxf4 27. e6 Rf6 28. e7 Re6 29. Bxg6 Rxd1+ 30. Kxd1 Rxe7
31. Bf5 a5 32. a3 Kg8 33. Be4 c5 34. Bc6 b4 35. axb4 axb4 36. b3 Kg7 37. Kd2 h6 38. Kd3 Re6 39. Bd5 Ra6 40. f4 Rf6
41. Rh4 Kf8 42. Kc4 Rg6 43. Kxc5 Ke7 44. Kxb4 Kd6 45. Be4 Re6 46. f5 Rf6 47. Kc4 Kc7 48. b4 Kb6 49. b5 Rd6 50. Bd3 Rf6
51. Kb4 Ka7 52. Ka5 Rd6 53. Rc4 Rxd3 54. Rc7+ Kb8 55. b6 Rd5+ 56. Ka6 Rd6 57. Kb5 Rf6 58. Rh7
1-0

[Event "Yerretnom I (a new begin)"]
[Site "SchemingMind.com"]
[Date "2008.08.23"]
[Round "-"]
[White "Rotceh"]
[Black "jtrochez1"]
[Result "0-1"]
[WhiteCountry "MEX"]
[BlackCountry "HON"]
[WhiteElo "1542"]
[WhiteRD "70"]
[BlackElo "1571"]
[BlackRD "54"]
[GameID "168180"]

1. e4 e5 2. Nf3 Nc6 3. d4 exd4 4. Nxd4 Nf6 5. Nxc6 bxc6 6. e5 Nd5 7. c4 Ne7 8. Bg5 h6 9. Bh4 g5 10. Bg3 Nf5
11. Qg4 d5 12. cxd5 cxd5 13. Bb5+ Bd7 14. Qxf5 Bxb5 15. e6 fxe6 16. Qxe6+ Be7 17. Qg6+ Kd7 18. Nc3 c6 19. Nxb5 cxb5 20. Rc1 Rc8
21. O-O Rxc1 22. Rxc1 Qb6 23. Qf5+ Ke8 24. Rc8+ Bd8 25. Qe5+ Kd7 26. Qf5+ Qe6 27. Qxe6+ Kxe6 28. Ra8 d4 29. Rxa7 Kd5 30. Ra8 Re8
31. Kf1 Kc6 32. Ra6+ Bb6 33. Ra3 b4 34. Rd3 Kd5 35. f3 Kc4 36. Rd2 d3 37. h4 gxh4 38. Bxh4 Be3 39. Rd1 d2 40. a3 bxa3
41. bxa3 Kb3 42. Rb1+ Kxa3 43. Bf2 Bg5 44. g3 Ka2 45. Rd1 Kb2
0-1